Les années 1970 : Une décennie révolutionnaire (notice n° 2198560)

détails MARC
000 -LEADER
fixed length control field 01397cam a2200133 4500500
005 - DATE AND TIME OF LATEST TRANSACTION
control field 20260405085549.0
041 ## - LANGUAGE CODE
Language code of text/sound track or separate title fre
042 ## - AUTHENTICATION CODE
Authentication code dc
100 10 - MAIN ENTRY--PERSONAL NAME
Personal name Chassaigne, Philippe
Relator term author
245 00 - TITLE STATEMENT
Title Les années 1970 : Une décennie révolutionnaire
260 ## - PUBLICATION, DISTRIBUTION, ETC.
Name of publisher, distributor, etc. Armand Colin,<br/>
Date of publication, distribution, etc. 2018.<br/>
520 ## - SUMMARY, ETC.
Summary, etc. Les années 1970 sont sorties du purgatoire dans lequel elles ont longtemps été enfermées : la mode et le design s’en inspirent, la culture populaire les redécouvre à la faveur d’une certaine nostalgie. Pour autant, qu’en connaissons-nous exactement, au-delà de quelques clichés ?Cet ouvrage vient combler un vide, en offrant la première histoire globale de cette décennie cruciale pour le monde occidental. À côté de la crise pétrolière, de l’irruption du terrorisme, des déconvenues de la « détente », ou des convulsions de l’après-1968, c’est aussi le début de l’informatisation, le passage du keynésianisme aux politiques néo-libérales, l’élargissement et l’approfondissement de la construction européenne, une effervescence culturelle qui produit le pire comme le meilleur, ou encore l’engagement d’une réflexion nouvelle sur l’Homme et sur la vie.Elles sont de ce fait et, à plus d’un égard, la matrice de notre monde actuel.
856 41 - ELECTRONIC LOCATION AND ACCESS
Uniform Resource Identifier <a href="https://shs.cairn.info/les-annees-1970--9782200623289?lang=fr&redirect-ssocas=7080">https://shs.cairn.info/les-annees-1970--9782200623289?lang=fr&redirect-ssocas=7080</a>

Pas d'exemplaire disponible.

PLUDOC

PLUDOC est la plateforme unique et centralisée de gestion des bibliothèques physiques et numériques de Guinée administré par le CEDUST. Elle est la plus grande base de données de ressources documentaires pour les Étudiants, Enseignants chercheurs et Chercheurs de Guinée.

Adresse

627 919 101/664 919 101

25 boulevard du commerce
Kaloum, Conakry, Guinée

Réseaux sociaux

Powered by Netsen Group @ 2025